Microeconomía intermedia (Registro nro. 4902)

Detalles MARC
000 -LEADER
fixed length control field 02169 a2200253 4500
001 - CONTROL NUMBER
control field 49831
005 - DATE AND TIME OF LATEST TRANSACTION
control field 20260407155759.0
008 - FIXED-LENGTH DATA ELEMENTS--GENERAL INFORMATION
fixed length control field 260407a2004 arg spa d
003 - CONTROL NUMBER IDENTIFIER
control field AR-UNSa-BCEJYS
040 ## - CATALOGING SOURCE
Original cataloging agency AR-UNSa-BCEJYS
Language of cataloging spa
Transcribing agency AR-UNSa-BCEJYS
080 ## - UNIVERSAL DECIMAL CLASSIFICATION NUMBER
Universal Decimal Classification number 330.101.542
Common auxiliary subdivision Microeconomía
020 ## - INTERNATIONAL STANDARD BOOK NUMBER
International Standard Book Number 84-481-4182-2
041 ## - LANGUAGE CODE
Language code of text/sound track or separate title spa
100 1# - MAIN ENTRY--PERSONAL NAME
Personal name Hey, John D.
245 10 - TITLE STATEMENT
Title Microeconomía intermedia
264 #1 - PRODUCTION, PUBLICATION, DISTRIBUTION, MANUFACTURE, AND COPYRIGHT NOTICE
Place of production, publication, distribution, manufacture Madrid :
Name of producer, publisher, distributor, manufacturer McGraw-Hill
Date of production, publication, distribution, manufacture, or copyright notice 2004
300 ## - PHYSICAL DESCRIPTION
Extent xxiii, 442 p.
Dimensions 25 cm.
505 ## - FORMATTED CONTENTS NOTE
Formatted contents note 1. Introducción – 2. Las ganancias derivadas del intercambio – 3. Los bienes discretos: precios de reserva, oferta y demanda, y excedentes – 4. Los bienes continuos. Oferta, demanda y excedentes – 5. Las preferencias – 6. La oferta y la demanda cuando la renta aparecen como dotación – 7. La demanda cuando la renta aparece como dinero – 8. El intercambio – 9. El bienestar - 10. La empresa y la tecnología – 11. La minimización de costes y la demanda de factores – 12. Las curvas de costes – 13. La oferta de la empresa y el excedente del productor – 14. La frontera de posibilidades de producción – 15. La producción y el intercambio – 16. Evidencia empírica sobre la oferta, la demanda y los excedentes – 17. La agregación de variables – 18. Las preferencias reveladas y la tecnología revelada – 19. Variaciones compensatorias y equivalentes – 20. La elección intertemporal – 21. El modelo de utilidad descontada – 22. El intercambio en los mercados de capital – 23. La elección bajo riesgo – 24. El modelo de utilidad esperada – 25. El intercambio en los mercados de seguros – 26. El mercado de trabajo – 27. Los impuestos – 28. El monopolio y el monopsonio – 29. El monopolio natural y la discriminación de precios – 30. La teoría de juegos – 31. El duopolio – 32. Las externalidades – 33. Los bienes públicos – 34. La información asimétrica.
590 ## - LOCAL NOTE (RLIN)
Local note niveau_biblio:m niveau_hierar:0
700 1# - ADDED ENTRY--PERSONAL NAME
Personal name Trinidad, Gloria
700 1# - ADDED ENTRY--PERSONAL NAME
Personal name Flamini, Esteban
856 41 - ELECTRONIC LOCATION AND ACCESS
Uniform Resource Identifier <a href="https://www.biblioeco.unsa.edu.ar/pmb/images/libros/L128209.jpg">https://www.biblioeco.unsa.edu.ar/pmb/images/libros/L128209.jpg</a>
Link text Imagen de portada
Electronic format type image/jpeg
942 ## - ADDED ENTRY ELEMENTS (KOHA)
Koha item type
Existencias
Withdrawn status Lost status Damaged status Not for loan Home library Current library Shelving location Date acquired Total checkouts Full call number Barcode Date last seen Price effective from Koha item type
        Biblioteca Prof. Eusebio Cleto del Rey Biblioteca Prof. Eusebio Cleto del Rey   07/04/2026   330.101.542 H615 L128209 07/04/2026 07/04/2026 Libro